| 000 | 00476nam a2200181 a 4500 | ||
|---|---|---|---|
| 005 | 20140310183436.0 | ||
| 008 | 080130s19uu xx 00 eng d | ||
| 020 | _a9780470822296 | ||
| 050 |
_aHD 69.B7 _b.D53 2007 |
||
| 100 | _aDhar, Mainak | ||
| 245 |
_aBrand management 101 / _cMainak Dhar |
||
| 260 |
_aAsia : _bJohn Wiley & Sons, _c2007. |
||
| 300 |
_a215 p. : _c22 cm. |
||
| 521 | _aBSBA | ||
| 650 | _aProduct management. | ||
| 942 |
_cBK _2lcc _kFOR |
||
| 999 |
_c22887 _d22887 |
||